Contravía (Registro nro. 325847)

Detalles MARC
000 -ENCABEZADO
Número de control [NR] 01222nam a22003137a 4500
005 - FECHA Y HORA DE LA ÚLTIMA TRANSACCIÓN
control field 20251112094528.0
008 - DE LONGITUD FIJA DE DATOS DE ELEMENTOS - INFORMACIÓN GENERAL
Elementos de longitud fija [NR] 251112t ||||| |||| 00| 0 spa d
020 ## - NUMERO INTERNACIONAL NORMALIZADO PARA LIBROS [R]
Número Internacional Normalizado del libro [NR] 9786280203584
040 ## - FUENTE DE CATALOGACION [NR]
Agencia de catalogación original [NR] CO-BoUCM
Quien Cataloga David Moreno
Quien Clasifica David Moreno
041 ## - CODIGO DE IDIOMA [R]
Código de idioma para texto/pista de sonido o título separado [R] Español
100 1# - ASIENTO PRINCIPAL--NOMBRE PERSONAL [NR]
Nombre personal [NR] Gómez Morales, Andrés
ID Autoridad 187273
245 10 - MENCION DE TITULO [NR]
Título [NR] Contravía
Parte restante del título [NR] relatos al filo de la noche
Mención de responsabilidad, etc. [NR] Andrés Gómez Morales
250 ## - MENCION DE EDICION [NR]
Mención de edición [NR] 1a.Ed
260 ## - PUBLICACION, DISTRIBUCION, ETC. (PIE DE IMPRENTA) [R]
Lugar de publicación, distribución, etc. [R] Bogotá, Colombia
Nombre del editor, distribuidor, etc. [R] Nueve Editores SAS
Fecha de publicación, distribución, etc. [R] 2025
300 ## - DESCRIPCION FISICA [R]
Extensión [R] 177 paginas
490 1# - MENCION DE SERIE [R]
Mención de serie [R] Colección Indicios
500 ## - NOTA GENERAL [R]
Nota general [NR] Incluye ilustraciones de Diego Bohórquez y Sandra P. Medina.
650 14 - ASIENTO SECUNDARIO DE MATERIA - TERMINO TEMATICO [R]
Término temático o nombre geográfico como elemento de entrada [NR] Cuentos colombianos
Subdivisión general [R] Siglo XXI.
9 (RLIN) 179771
650 14 - ASIENTO SECUNDARIO DE MATERIA - TERMINO TEMATICO [R]
Término temático o nombre geográfico como elemento de entrada [NR] Literatura colombiana contemporánea
Subdivisión general [R] Ficción latinoamericana
9 (RLIN) 187274
650 14 - ASIENTO SECUNDARIO DE MATERIA - TERMINO TEMATICO [R]
Término temático o nombre geográfico como elemento de entrada [NR] Relatos breves
Subdivisión geográfica [R] Colombia
9 (RLIN) 187275
650 14 - ASIENTO SECUNDARIO DE MATERIA - TERMINO TEMATICO [R]
Término temático o nombre geográfico como elemento de entrada [NR] Narrativa urbana
Subdivisión general [R] Ficción latinoamericana
9 (RLIN) 187276
700 1# - ASIENTO SECUNDARIO - NOMBRE PERSONAL [R]
Nombre personal [NR] Vergara G., Andrea
Término de relación [R] editor
9 (RLIN) 187277
700 1# - ASIENTO SECUNDARIO - NOMBRE PERSONAL [R]
Nombre personal [NR] Pascuas Cano, Andrés
Término de relación [R] director
9 (RLIN) 187278
700 1# - ASIENTO SECUNDARIO - NOMBRE PERSONAL [R]
Nombre personal [NR] Bohórquez, Diego
Término de relación [R] ilustrador
9 (RLIN) 187279
700 1# - ASIENTO SECUNDARIO - NOMBRE PERSONAL [R]
Nombre personal [NR] Medina, Sandra P.
Término de relación [R] ilustrador
9 (RLIN) 187280
700 1# - ASIENTO SECUNDARIO - NOMBRE PERSONAL [R]
Nombre personal [NR] López, Hernán
Término de relación [R] fotografías
9 (RLIN) 187281
942 ## - ELEMENTOS DE ENTRADA AGREGADOS (KOHA)
Sistema de clasificación DEWEY
Tema principal Literatura
Tipo de ítem principal el descrito en 300a Libro
Edición 1
Clasificación 863.6
Parte restante de la signatura top. G633c
Título oculto en OPAC No
Existencias
Total préstamos Signatura topográfica Código de barras Última vez visto Ejemplar Costo de reposición Price effective from Tipo de ítem Perdido Sistema de clasificación Dañado No prestable Tipo de ítem específico Suprimido Ubicación habitual Ubicación actual Localización Fecha de creación Forma de adquisición
  863.6 G633c 100174542 09/12/2025 Ej.1 26000.00 12/11/2025 Libro   DEWEY     Libro   Claustro Claustro 2do piso 12/11/2025 Donación